00355nam a2200145Ia 4500008004100000020001500041041001200056082001100068100001400079245004900093250000800142260003500150300000800185650001600193221030s9999 xx 000 0 und d a8177588521 aEnglish a105.23 aS. Haykin 0aNeural Networks - A Comprehensive Foundation a2nd bPearson EdcuationaDelhic2008 a823 aBE Computer